• 首页
  • 本馆介绍
  • 公告通知
  • 最新文献
  • 馆藏检索
  • 电子资源
  • 读者导购
  • 参考咨询
  • 我的图书馆
  • 登录
  • 详细信息显示
  • 放入我的书架
  • 预约/预借图书
  • 作者相关作品
  • 分类相关作品
  • 丛书相关作品
  • 出版社相关作品

书目信息

  • 表格格式
  • 工作单格式
  • 卡片格式
题名:
花开讲坛
    
 
作者: 杨天成 著
分册:  
出版信息: 南京   南京大学出版社  2016
页数: 319页, [2] 叶图版
开本: 23cm
丛书名:
单 册:
中图分类: G633.302 , G633.3
科图分类:
主题词: 中学语文课--教学研究
电子资源:
ISBN: 978-7-305-18182-5
000 00969nam0 2200229 450
001 2346781105
005 20231206130007.45
010    @a978-7-305-18182-5@dCNY58.00
100    @a20170905d2016 em y0chiy50 ea
101 0  @achi
102    @aCN@b320000
105    @aacf z 000yy
200 1  @a花开讲坛@Ahua kai jiang tan@f杨天成著
210    @a南京@c南京大学出版社@d2016
215    @a319页, [2] 叶图版@c图, 肖像@d23cm
330    @a本书汇集作者四十余年从教而立命于讲坛的历练成果, 其中大多以讲座形式呈现了教育教学之正能量认知和实践性作为, 从不同层面不同视角, 向不同类别不同方阵, 传送了价值与分享的个人职业精神财富。书中充分体现了作者作为语文教师传道授业解惑的“苦并快乐着”的个中滋味, 更突出了注重理论与实践相结合、教育与教学相结合和阅读与写作教学相结合的研究及显著的研究成果。
606 0  @a中学语文课@x教学研究
690    @aG633.302@v5
690    @aG633.3@v4
701  0 @a杨天成@Ayang tian cheng@4著
801  0 @aCN@b湖北三新@c20170905
905    @aZUCC@dG633.3@e310
    
    花开讲坛/杨天成著.-南京:南京大学出版社,2016
    319页, [2] 叶图版:图, 肖像;23cm
    
    
    ISBN 978-7-305-18182-5:CNY58.00
    本书汇集作者四十余年从教而立命于讲坛的历练成果, 其中大多以讲座形式呈现了教育教学之正能量认知和实践性作为, 从不同层面不同视角, 向不同类别不同方阵, 传送了价值与分享的个人职业精神财富。书中充分体现了作者作为语文教师传道授业解惑的“苦并快乐着”的个中滋味, 更突出了注重理论与实践相结合、教育与教学相结合和阅读与写作教学相结合的研究及显著的研究成果。
●
相关链接 在五车中查询图书 在当当中查询图书 在豆瓣中查询图书


正题名:花开讲坛     索取号:G633.3/310         预约/预借

序号 登录号 条形码 馆藏地/架位号 状态 备注
1 2001390336   2001390336   516书库/ [索取号:G633.3/310] 在馆    
2 2001390337   2001390337   516书库/ [索取号:G633.3/310] 在馆    
山东省滨州职业学院图书馆 欢迎您!
大连网信软件有限公司© 版权所有